Spongebob Characters: Sudden Death - Statistics

General Stats
  • This quiz has been taken 1,323 times
    1,270 since last reset
  • The average score is 17 of 40
Answers on the Grid
Answers color-coded by a green-red scale on the quiz's grid according to % correct below.
SpongeBob SquarePants
SpongeBob RoundPants
Squidward
Edward
Gary
Harry
Plankton
Proton
Mr. Krabs
Mr. Lobster
Sandy Cheeks
Sandy Squirrel
The Flying Dutchman
Davey Jones
Patrick
Rick
Karen
Jennifer
Larry the Lobster
Larry the Crawfish
Mrs. Puff
Mrs. Buff
Pearl
Opal
Squilliam
William
Mermaid Man
Mermaid Lady
Barnacle Boy
Barnacle girl
Man Ray
Lady Ray
Dirty Bubble
Sparkle Bubble
Grandma SquarePants
Grandma RoundPants
Potty the Parrot
Polly the Parrot
Doodlebob
Noodlebob
King Neptune
King Triton
Fred
Ted
Old Man Jenkins
Florence Foster Jenkins
Mrs. Krabs
Mrs. Lobster
Patchy the Pirate
Prancer the Pirate
French Narrator
German Narrator
Painty the Pirate
Doodle the Pirate
Perch Perkins
Ledge Perkins
Bubble Bass
Bubble Trout
Anchovies
Sardines
Horace A. Whopper
Horace A. Hopper
Cousin Blackjack SquarePants
Cousin Blackjack RoundPants
Harold SquarePants
Harold RoundPants
Cousin Stanley SquarePants
Cousin Stanley RoundPants
Margaret SquarePants
Margaret RoundPants
Realistic Fish Head
Realistic Jellyfish Head
Angry Jack
Hothead Jack
Bubble Buddy
Bubble Pal
Jellyfish
Jamfish
Gene Scallop
Gene Clam
 
Answer Stats
Answer % Correct
SpongeBob SquarePants
98%
Gary
81%
Squidward
81%
Plankton
80%
Mr. Krabs
78%
Sandy Cheeks
69%
The Flying Dutchman
62%
Patrick
57%
Mrs. Puff
54%
Larry the Lobster
51%
Mermaid Man
50%
Pearl
50%
Barnacle Boy
49%
Karen
46%
Man Ray
44%
Dirty Bubble
42%
Squilliam
40%
Grandma SquarePants
39%
King Neptune
38%
Doodlebob
36%
Old Man Jenkins
33%
Patchy the Pirate
32%
Potty the Parrot
30%
Bubble Bass
29%
French Narrator
28%
Jellyfish
28%
Cousin Stanley SquarePants
26%
Perch Perkins
26%
Anchovies
25%
Bubble Buddy
25%
Cousin Blackjack SquarePants
25%
Fred
25%
Harold SquarePants
25%
Mrs. Krabs
25%
Margaret SquarePants
24%
Realistic Fish Head
23%
Painty the Pirate
21%
Angry Jack
20%
Gene Scallop
18%
Horace A. Whopper
18%
No matching quizzes found
Score Distribution
Percent of People with Each Score
Percentile by Number Answered
Your Score History
You have not taken this quiz since the last reset